000 01191nkm a2200277 i 4500
001 4195
003 ES-MaACL
005 20250713062944.0
007 khrbo
008 070702s1988 sp --- g |001||spa d
100 0 _aAlfonso,
_d1902-1990
_919858
245 1 0 _aEvolución y perspectivas actuales de las enfermedades infecciosas [
_hFotografía] /
_cAlfonso (sello).
260 _a[S.l. :
_bs.n.],
_c1988.
300 _a2 fot. :
_bb. y n. ;
_c12 x 18 cm.
490 1 _aCiclo sobre enfermedades infecciosas
500 _aDatos basados en invitación.
511 0 _aInterviene: José Luis Gómez Garcés.
518 _aActo organizado por la Sección de Farmacia del Ateneo de Madrid, celebrado en el salón de actos el jueves, 21 de enero de 1988, a las 20:00 h.
600 1 4 _aGómez Garcés, José Luis.
_957959
610 2 4 _aAteneo de Madrid-
_xActos culturales-
_y1988-
_vFotografías.
_91903
710 2 _aAteneo de Madrid.
_bSección de Farmacia.
_91991
830 0 _aCiclo sobre enfermedades infecciosas
_9177018
852 _aES-MaACL
_jFOT 9/1988
856 4 _uhttp://www.ateneodemadrid.net/biblioteca_digital/imagenes/1988/0009-1988.jpg
_zVer imagen
999 _c4195
_d4195